Fragmentos Vaticanos. (Edición bilingüe).
Guardat en:
| Autor principal: | |
|---|---|
| Altres autors: | |
| Format: | Llibre |
| Idioma: | espanyol |
| Publicat: |
Madrid, España:
Tecnos,
1988.
|
| Col·lecció: | Colección Clásicos del Pensamiento.
|
| Matèries: | |
| Etiquetes: |
Afegir etiqueta
Sense etiquetes, Sigues el primer a etiquetar aquest registre!
|
MARC
| LEADER | 00000nam a2200000 a 4500 | ||
|---|---|---|---|
| 001 | UCS2335 | ||
| 003 | CL-VaPUC | ||
| 005 | 20221114122246.0 | ||
| 008 | 970523e19880000SP |||||||||||||||||spa|d | ||
| 999 | |c 260306 |d 260304 | ||
| 020 | |a 84-309-1653-9 | ||
| 040 | |c Pontificia Universidad Católica de Valparaíso | ||
| 082 | 0 | 4 | |a 340.54 ORS 1988 |2 21 |
| 100 | 1 | |a Ors, Álvaro d' |e estudio preliminar |9 878388 | |
| 245 | 1 | 0 | |a Fragmentos Vaticanos. |b (Edición bilingüe). |
| 260 | |a Madrid, España: |b Tecnos, |c 1988. | ||
| 300 | |a XIX, 149 páginas. | ||
| 490 | 0 | |a Colección Clásicos del Pensamiento. | |
| 500 | |a c.2 Donación Familia Prof. Alejandro Guzmán Brito. | ||
| 583 | |a last modification |c 19970523 00:00:00 |k Rodrigo Vera | ||
| 650 | 0 | |a Derecho romano |9 255930 | |
| 650 | 0 | |a Usufructo |9 256763 | |
| 650 | 0 | |a Matrimonio |2 CL-VaPUC |9 254924 | |
| 700 | |a Castresana Herrero, Amelia |e traducción |9 865953 | ||
| 942 | |c BK |2 ddc |n 0 | ||
| 945 | |d 19970523 00:00:00 |a amoreno | ||
| 952 | |0 0 |1 0 |4 0 |6 340_540000000000000_ORS_1988 |7 0 |8 DER_ROM |9 286302 |a BIBDER |b BIBDER |d 2019-11-19 |i 3306143 |o 340.54 ORS 1988 |p 3306143 |r 2023-01-25 |w 2019-11-19 |x Ubicación 4to piso |y BK |z Este recurso debe solicitarse con anticipación |k DER | ||